India of Mahatama Gandhi's dream/ (Record no. 195541)

MARC details
000 -LEADER
fixed length control field 00595nam a22001817a 4500
005 - DATE AND TIME OF LATEST TRANSACTION
control field 20230403110904.0
010 ## - LCCN (DPL NO)
LC control number ENG-136589
020 ## - INTERNATIONAL STANDARD BOOK NUMBER
Terms of availability 500.00
International Standard Book Number 9789381615102
035 ## - SYSTEM CONTROL NUMBER
System control number EN-120121
037 ## - SOURCE OF ACQUISITION
Source of stock number/acquisition DBAD/PUB
082 ## - DEWEY DECIMAL CLASSIFICATION NUMBER
Classification number 954.035
245 ## - TITLE STATEMENT
Title India of Mahatama Gandhi's dream/
Statement of responsibility, etc edited by Kiran Angra;Manpreet Bajwa
260 ## - PUBLICATION, DISTRIBUTION, ETC. (IMPRINT)
Place of publication, distribution, etc New Delhi
Name of publisher, distributor, etc Pragatisheel prakashan
Date of publication, distribution, etc 2019
270 ## - ADDRESS
Address N3/25 First Floor Mohan Garden Uttam nagar
City New Delhi
Postal code 110059
300 ## - PHYSICAL DESCRIPTION
Extent 126p.;
Dimensions 23cm(pbk)
700 ## - ADDED ENTRY--PERSONAL NAME
Personal name edited by Kiran Angra; Manpret Bajwa
942 ## - ADDED ENTRY ELEMENTS (KOHA)
Source of classification or shelving scheme Dewey Decimal Classification
Item type English Books
Call number suffix IND
Classification part 954.035
Holdings
Withdrawn status Lost status Not for loan Collection code Home library Current library Date acquired Source of acquisition Cost, normal purchase price Full call number Barcode Copy number Cost, replacement price Koha item type
      Non-fiction Shahdara Branch Shahdara Branch 03/04/2023 DBAD/PUB 500.00 954.035 IND EN-120121 1 500.00 English Books

© Delhi Public Library
Hit Counter
free hit counter